Perspectives on competency testing /

Bibliographic Details
Corporate Author: New England School Development Council
Other Authors: Reidy, Edward F., Wallace, Richard C.
Format: Book
Language:English
Published: [Newton, Mass.?] : New England School Development Council, 1979.
Subjects:

MARC

Tag First Indicator Second Indicator Subfields
LEADER 00000cam a2200000 a 4500
001 in00000082911
005 20151008054252.0
008 810716s1979 mau b 10000 eng d
035 |a (OCoLC)07590552 
035 |9 AAJ0152AM 
040 |a TOL  |c TOL  |d TXA  |d UtOrBLW 
049 |a TXAM  |c [387436] 
090 |a LC1034  |b .P47 
245 0 0 |a Perspectives on competency testing /  |c edited by Edward F. Reidy, Jr., Richard C. Wallace, Jr. 
264 1 |a [Newton, Mass.?] :  |b New England School Development Council,  |c 1979. 
300 |a 83 pages ;  |c 28 cm. 
336 |a text  |b txt  |2 rdacontent 
337 |a unmediated  |b n  |2 rdamedia 
338 |a volume  |b nc  |2 rdacarrier 
500 |a Edited proceedings of a conference sponsored by NESDEC in May, 1978. 
504 |a Includes bibliographical references. 
650 0 |a Competency-based educational tests  |x Congresses. 
700 1 |a Reidy, Edward F. 
700 1 |a Wallace, Richard C. 
710 2 |a New England School Development Council. 
999 |a MARS 
999 f f |s 3dd48f46-6f6a-32f7-abd4-181819309553  |i b9e31809-aceb-331f-b68d-4b3a5749df8d  |t 0 
952 f f |p ric  |a Texas A&M University  |b Rellis Campus  |c Joint Library Facility  |d Remote Storage  |t 0  |e LC1034 .P47  |h Library of Congress classification  |i unmediated -- volume  |m A14806163489 
998 f f |a LC1034 .P47  |t 0  |l Remote Storage